DJ mag top 100 festival 2023 - Statistiques

Statistiques générales
  • Ce quiz a été pris 30 fois
  • Le résultat moyen est 7 sur 100
Statistiques - réponses
Hint Réponse % Correct
Belgique Tomorrowland
100%
USA Coachella
50%
Corée du sud | Japon Ultra
46%
Croatie Ultra Europe
46%
USA Ultra music festival
46%
USA Burning Man
31%
USA EDC Las Vegas
23%
Mexique EDC Mexico
23%
USA EDC Orlando
23%
Pays-bas Defqon1
15%
Brésil | USA Lollapalooza
15%
Hongrie Sziget Festival
15%
Angleterre | Chili | Hong-kong | Taiwan Creamfields
12%
Pays-bas Dominator Festival
12%
Angleterre Glastonbury Festival of Contemporary Performing Arts
12%
France Tomorrowland Winter
12%
Roumanie Untold festival
12%
Serbie Exit festival
8%
Pays-bas Mysteryland
8%
France Plages Electronique
8%
Croatie Sonus Festival
8%
Pays-bas AMF
4%
Pays-bas Awakenings
4%
France Family Piknik
4%
Italie Kappa FuturFestival
4%
Allemagne Melt! Festival
4%
Espagne Monegros Desert Festival
4%
Roumanie Neversea Festival
4%
Allemagne Parookaville
4%
Inde Sunburn Festival
4%
Allemagne Time Warp
4%
Thailande 808 Festival
0%
Allemagne Airbeat One
0%
Albanie Anjunadeep Explorations
0%
Pays-bas A State Of Trance Festival
0%
Espagne A Summer Story
0%
Angleterre AVA Festival
0%
Hongrie Balaton Sound
0%
Espagne BBF: Barcelona Beach Festival
0%
Chypre BEONIX
0%
Australie Beyond The Valley
0%
Allemagne Blacklist Festival
0%
USA Bonnaroo
0%
Portugal Boom Festival
0%
Angleterre Boomtown
0%
USA Crssd Fest San Diego
0%
Pays-bas Decibel Outdoor
0%
Croatie Defected
0%
Pays-bas Dekmantel
0%
Pays-bas DGTL
0%
Croatie Dimensions Festival
0%
Indonésie Djakarta Warehouse Project
0%
Pays-bas Don't Let Daddy Know Festival
0%
Allemagne ECHELON
0%
USA Electric Forest
0%
USA Electric Zoo
0%
Autriche Electronic Love
0%
Angleterre Field Day
0%
Angleterre FLY Open Air
0%
USA Groove Cruise
0%
USA HARD Summer
0%
Croatie Hideout Festival
0%
USA Holy Ship! Wrecked
0%
Angleterre Houghton Festival
0%
Croatie LMF Festival
0%
Angleterre Lost Village
0%
Serbie Lovefest
0%
Croatie Love International
0%
Pays-bas Loveland
0%
Espagne Medusa Sunbeach Festival
0%
Portugal MEO Sudoeste
0%
USA Movement Music Festival
0%
Italie Nameless Festival
0%
Thailande NEON Countdown
0%
Portugal Neopop
0%
Allemagne Nibirii
0%
USA Nocturnal Wonderland
0%
Maroc Oasis Into The Wild
0%
Croatie Outlook Origins
0%
Italie Panorama Festival
0%
Angleterre Parklife Festival
0%
Espagne Primavera Sound
0%
Vietnam Ravolution Music Festival
0%
Taiwan S2O
0%
Thailande S2O Festival
0%
Roumanie SAGA
0%
Thailande SIAM Songkran
0%
Autriche Snowbombing
0%
Espagne Sónar Barcelona
0%
Angleterre Terminal V
0%
Thailande Unseen
0%
Angleterre We Are FSTVL
0%
Allemagne World Club Dome
0%
Corée du sud World DJ Festival
0%
Singapour ZoukOut
0%
Aucun quiz correspondant
Distribution des résultats
% des personnes avec chaque résultat
Percentile par nombre de réponses
Votre historique - résultats
Vous n’avez pas pris ce quiz